1987 1363 1514 1675 1672 1652 1499 1847 1332 1968 1545 1705 1777 1296 1430 1019 1876 1079 1412 1420 1664 1553 1867 1500 1683 1579 1893 1371 1456 1776 1172 1303 1177 1436 1137 1673 1929 1964 1626 1995 1930 1535 1858 1492 1574 1200 1062 1794 1887 1829 1087 1824 1729 1812 1250 1663 1380 1002 1104 1552 1762 1424 1256 1063 1448 1165 1395 1552 1776 1478 1169 1206 1338 1787 1703 1120 1091 1289 1763 1489 1245 1746 1643 1764 1661 1445 1382 1379 1860 1163 1504 1026 1828 1942 1668 1800 1083 1554 1844 BCNSPRNW ULIB Ver.6.0+V

เปลี่ยนเป็นภาษาไทย

Change to English
 แสดงรายละเอียดบรรณานุกรม
  กลับหน้าหลัก

Brief Record : Get Marc (ISO 2709) : E-mail record : QR code < ปิดหน้าต่าง
LEADER : 00000nam 2200000uu 4500
001    13399112900
003     ULIB
008    110916s2550||||th 000 0 tha d
020    9789747503074
090    นว.^bย231ห 2550
100 0  yayoi
245 00 หนึ่งจันทร์กลางใจ/^cyayoi
250    พิมพ์ครั้งที่ 3
260    กรุงเทพฯ :^bแจ่มใส,^c2550
300    477 หน้า
945    ^p279^l0^i14058
995    กัณชพร
999    ^aใช้งานได้ทุกระบบ
รายการนี้ยังไม่มีแท็ก
คุณยังไม่ได้ล็อกอิน คุณสามารถมีกิจกรรมร่วมกับเว็บไซต์ได้ แต่ต้องล็อกอินก่อน ::
  ล็อกอิน

รายการสื่อสารสนเทศ

ลำดับที่ ประเภท เลขเรียก/บาร์โค้ด สถานที่ สถานะ
1. วิทยาศาสตร์การแพทย์ และสุขภาพ
วิทยาศาสตร์การแพทย์ และสุขภาพ
นว. ย231ห 2550  
  Barcode: 14058
ห้องสมุดวิทยาเขตสวรรค์ประชารักษ์
►นวนิยาย
บนชั้น
  ขอยืม

รายการใกล้เคียง
    ผู้แต่ง [yayoi]

BibComment


ยังไม่เคยถูกคอมเมนท์

คอมเมนท์ทรัพยากรรายการนี้
  คอมเมนท์: หนึ่งจันทร์กลางใจ..


 Copyright 2026. Bcnsprnw @Library